banner koha

Consequencia da exploracao agropecuaria sobre as condicoes fisicas e quimicas dos solos das microrregioes do Nordeste Paraense [Brasil] (Registro n. 271155)

MARC details
000 -LÍDER
campo de controle de tamanho fixo 01250nac a22003617a 4500
001 - NÚMERO DE CONTROLE
campo de controle BR8004675
003 - IDENTIFICADOR DO NÚMERO DE CONTROLE
campo de controle BR-BrBNA
005 - DATA E HORÁRIO DA ÚLTIMA TRANSAÇÃO
campo de controle 20240105114747.0
008 - CAMPO DE DADOS FIXOS--INFORMAÇÃO GERAL
campo de controle de tamanho fixo 230509b bl.|||m| |||| 00| 0 por d
040 ## - FONTE DA CATALOGAÇÃO
Instituição da catalogação original BR-BrBNA
Idioma da catalogação por
Instituição que transcreveu o registro Biblioteca Nacional de Agricultura
072 ## - CÓDIGO DE CATEGORIA DE ASSUNTO
Código de Categoria de Assunto F22
090 ## - NÚMERO DE CHAMADA LOCAL
Número de chamada 1930 BR8004675
100 1# - ENTRADA PRINCIPAL--NOME PESSOAL
Nome pessoal Falesi, I.C.
100 1# - ENTRADA PRINCIPAL--NOME PESSOAL
Nome pessoal Baena, A.R.C.
100 1# - ENTRADA PRINCIPAL--NOME PESSOAL
Nome pessoal Dutra, S.
110 1# - ENTRADA PRINCIPAL--NOME CORPORATIVO
Nome corporativo ou nome da jurisdição Centro de Pesquisa Agropecuaria do Tropico Umido, Belem, PA (Brasil)
111 1# - ENTRADA PRINCIPAL--NOME DO EVENTO
Nome do evento ou lugar 2. Simposio Nacional de Ecologia
Local do evento Belem, PA (Brazil)
Data do evento ou assinatura do tratado 19 Nov 1979
245 1# - TÍTULO
Título Consequencia da exploracao agropecuaria sobre as condicoes fisicas e quimicas dos solos das microrregioes do Nordeste Paraense [Brasil]
260 3# - PUBLICAÇÃO, DISTRIBUIÇÃO, ETC.
Local de publicação, distribuição, etc. Belem, PA (Brasil):
Data da publicação, distribuição, etc. 1980.
300 ## - DESCRIÇÃO FÍSICA
Extensão 49 p.
490 ## - TÍTULO DA SÉRIE
Título da série Boletim de Pesquisa - Centro de Pesquisa Agropecuaria do Tropico Umido (Brazil)
Número do volume ou designação sequencial da série no. 14
ISSN - International Standard Serial Number ISSN 0100-8102
500 ## - NOTA GERAL
Nota geral 16 illus.; Summaries (En, Pt); 14 ref.
650 ## - ASSUNTO--TERMO TÓPICO
Cabeçalho tópico ou nome geográfico CAPIM QUICUIO
650 ## - ASSUNTO--TERMO TÓPICO
Cabeçalho tópico ou nome geográfico MATERIA ORGANICA
650 ## - ASSUNTO--TERMO TÓPICO
Cabeçalho tópico ou nome geográfico PASTAGEM
650 ## - ASSUNTO--TERMO TÓPICO
Cabeçalho tópico ou nome geográfico ADUBACAO
650 ## - ASSUNTO--TERMO TÓPICO
Cabeçalho tópico ou nome geográfico PROPRIEDADE QUIMICA
650 ## - ASSUNTO--TERMO TÓPICO
Cabeçalho tópico ou nome geográfico PROPRIEDADE FISICA
650 ## - ASSUNTO--TERMO TÓPICO
Cabeçalho tópico ou nome geográfico SOLO
650 ## - ASSUNTO--TERMO TÓPICO
Cabeçalho tópico ou nome geográfico PARA
909 ## -
-- 202312
-- Lúcia Elande
-- 55
-- Lúcia Elande
942 ## - ELEMENTOS DE ENTRADA ADICIONADOS (KOHA)
Fonte da classificação ou esquema de arquivamento na estante Classificação AGRIS
Ocultar no OPAC Não
Tipo de material Koha Monografia Seriada
Exemplares
Situação do descarte Fonte da classificação ou esquema de arquivamento na estante Situação física Não pode ser emprestado Coleção Biblioteca de origem Biblioteca atual Localização na estante Total de empréstimos Número de telefone completo Código de barras Data de último acesso Tipo de material Koha Fonte de aquisição
  Classificação AGRIS       Biblioteca Nacional de Agricultura - Binagri Biblioteca Nacional de Agricultura - Binagri Agrobase - Acervo Geral   1930 BR8004675 1930 BR8004675 18/12/2023 Monografia Seriada Portaria Interministerial nº 164/94

BINAGRI

Telefone: (61)3218-2567/2388/3357/2097 - binagri@agro.gov.br

Ministério da Agricultura e Pecuária , Esplanada dos Ministérios, Bloco D, Anexo B, Brasília/DF, CEP: 70.043-900